MARC

LEADER 00000nas a2200000 a 4500
001 ssj0012605
003 WaSeSS
005 20200512172242.0
006 m d
007 cr n
008 020814c19849999iluqr p s 0 a0eng c
010 |a  2007216130 
016 7 |a 2068570 1  |2 DE-600 
022 |a 1934-6018  |y 0742-4671 
035 |a (WaSeSS)ssj0012605 
037 |b JHU Press, 2715 N. Charles St., Baltimore, MD 21218 
040 |a FHM  |b eng  |c FHM  |d OCLCQ  |d DLC  |d NSD  |d MUQ  |d MYG  |d UV0  |d OCLCS  |d OCLCQ  |d DLC  |d EYM  |d OCLCQ  |d HUL  |d MYG  |d CUI  |d OCLCQ  |d DLC  |d OCLCO  |d OCLCF  |d OCLCO  |d OCLCQ  |d GILDS  |d OCLCO  |d TOF  |d AU@  |d VT2  |d SFB  |d GH1  |d WaSeSS 
042 |a pcc  |a nsdp 
050 1 4 |a PN1993  |b .U63 
082 1 0 |a 791  |2 14 
130 0 |a Journal of film and video (Online) 
222 0 |a Journal of film and video  |b (Online) 
245 1 0 |a Journal of film and video  |h [electronic resource]. 
260 |a [Carbondale, IL] :  |b University Film and Video Association,  |c 1984- 
310 |a Quarterly 
362 0 |a Vol. 36, no. 1 (winter 1984)- 
506 |a License restrictions may limit access. 
538 |a Mode of access: World Wide Web. 
588 |a Description based on: Vol. 36, no. 1 (winter 1984); title from cover (JSTOR, viewed Dec. 13, 2010). 
588 |a Latest issue consulted: Vol. 64, no. 2 (winter 2010) (Project Muse, viewed Dec. 13, 2010). 
650 0 |a Motion pictures  |v Periodicals. 
650 0 |a Television  |v Periodicals. 
650 0 |a Video recordings  |v Periodicals. 
650 6 |a Cinéma  |v Périodiques. 
650 6 |a Télévision  |v Périodiques. 
650 6 |a Vidéos  |v Périodiques. 
650 7 |a Motion pictures.  |2 fast  |0 (OCoLC)fst01027285 
650 7 |a Television.  |2 fast  |0 (OCoLC)fst01146535 
650 7 |a Video recordings.  |2 fast  |0 (OCoLC)fst01166472 
650 1 7 |a Filmkunst.  |2 gtt 
650 1 7 |a Videokunst.  |2 gtt 
655 0 |a Electronic journals. 
710 2 |a University Film and Video Association. 
776 0 8 |i Print version:  |t Journal of film and video  |x 0742-4671  |w (DLC) 85642245  |w (OCoLC)10354585 
780 0 0 |t Journal of the University Film and Video Association  |x 2328-1936  |w (DLC) 2010235312  |w (OCoLC)669053443 
856 4 0 |z Full text available from Research Library: 04/01/1997 to present  |u https://search.proquest.com/publication/47419